1734 1973 1048 1361 1174 1030 1873 1147 1576 1813 1531 1609 1830 1980 1212 1675 1702 1069 1896 1955 1055 1619 1345 1545 1495 1551 1353 1662 1500 1110 1927 1659 1433 1379 1158 1398 1319 1141 1784 1586 1043 1306 1297 1579 1609 1509 1475 1164 1896 1236 1877 1266 1651 1860 1093 1715 1583 1533 1990 1676 1801 1134 1352 1183 1843 1301 1053 1916 1975 1140 1220 1204 1877 1683 1850 1465 1544 1927 1900 1144 1529 1461 1012 1286 1151 1055 1281 1176 1998 1024 1218 1498 1090 1659 1535 1732 1247 1646 1569 BCNSPRNW ULIB Ver.6.0+V

เปลี่ยนเป็นภาษาไทย

Change to English
 แสดงรายละเอียดบรรณานุกรม
  กลับหน้าหลัก

Brief Record : Get Marc (ISO 2709) : E-mail record : QR code < ปิดหน้าต่าง
LEADER : 00000nam 2200000uu 4500
001    13399111649
003     ULIB
008    110704s2549||||th 000 0 tha d
050  0 BQ4570^bส852ว 2549
100 0  สุรวัฒน์ เสรีวิวัฒนา
245 10 วิถีแห่งความรู้แจ้ง /^cสุรวัฒน์ เสรีวิวัฒนา
250    พิมพ์ครั้งที่ 1
260    กรุงเทพ :^bสำนักพิมพ์ธรรมดา,^c2549
300    95 หน้า
650  7 กรรมฐาน
650  7 การเจริญจิต
650  7 การดูจิต
650  7 การปฏิบัติธรรม
650  7 ธรรมกับชีวิตประจำวัน
650  7 วิปัสสนา
650  7 สติปัฏฐาน
945    ^p0^l0^i023446
995    ทศพร
999 ^a ใช้งานได้ทุกระบบ
รายการนี้ยังไม่มีแท็ก
คุณยังไม่ได้ล็อกอิน คุณสามารถมีกิจกรรมร่วมกับเว็บไซต์ได้ แต่ต้องล็อกอินก่อน ::
  ล็อกอิน

รายการสื่อสารสนเทศ

ลำดับที่ ประเภท เลขเรียก/บาร์โค้ด สถานที่ สถานะ
- ไม่พบข้อมูล -

รายการใกล้เคียง
    ผู้แต่ง [สุรวัฒน์ เสรีวิวัฒนา]

    หัวเรื่อง [กรรมฐาน]
    หัวเรื่อง [การปฏิบัติธรรม]
    หัวเรื่อง [ธรรมกับชีวิตประจำวัน]
    หัวเรื่อง [วิปัสสนา]

BibComment


ยังไม่เคยถูกคอมเมนท์

คอมเมนท์ทรัพยากรรายการนี้
  คอมเมนท์: วิถีแห่งความรู้แจ..


 Copyright 2026. Bcnsprnw @Library